Clinton National Airport Destinations (Little Rock, AR, USA) - Statistics

General Stats
  • This quiz has been taken 91 times
    60 since last reset
  • The average score is 15 of 18
Answer Stats
Airline Destination % Correct
American Airlines/American Eagle Dallas/Fort Worth
100%
Southwest Airlines Dallas (Love)
100%
Delta Air Lines Atlanta
98%
Southwest Airlines Houston (Hobby)
98%
United Express Houston (Intercontinental)
98%
American Eagle Miami
98%
American Eagle/Delta Connection New York (LaGuardia)
93%
American Eagle/United Express Chicago (O'Hare)
90%
Allegiant Air Orlando/Sanford
90%
American Eagle/Southwest Airlines Phoenix (Sky Harbor)
90%
American Airlines/American Eagle Charlotte
88%
Frontier Airlines/Southwest Airlines/United Express Denver
88%
American Eagle Washington (National)
85%
Southwest Airlines Las Vegas
78%
Allegiant Air Los Angeles
78%
Allegiant Air Destin/Fort Walton Beach
54%
Southwest Airlines St. Louis
51%
Allegiant Air St. Petersburg/Clearwater
46%
No matching quizzes found
Score Distribution
Percent of People with Each Score
Percentile by Number Answered
Your Score History
You have not taken this quiz since the last reset